| 000 | 00801nam a22002531u 4500 | ||
|---|---|---|---|
| 001 | 14398 | ||
| 003 | HDC | ||
| 007 | cr cn ---aaaaa | ||
| 008 | 210214p2006 ||||| |||| 00| 0 eng | ||
| 040 | _aHDC | ||
| 110 | _aFarm Animal Welfare Council | ||
| 245 | 0 | _aReport on Welfare Labelling | |
| 260 |
_a[No place] : _b[publisher not identified], _c2006 |
||
| 300 | _a40 pages | ||
| 336 |
_atext _2rdacontent |
||
| 337 |
_acomputer _2rdamedia |
||
| 338 |
_aonline resource _2rdacarrier |
||
| 650 |
_aAnimal welfare _9115 |
||
| 650 |
_aWelfare Labelling _914986 |
||
| 856 | _zRequest full-text at [email protected] | ||
| 942 | _2lcc | ||
| 942 | _cEIS | ||
| 942 | _kREPT 000291 | ||
| 999 |
_c11714 _d11714 |
||